[Event "Olympiad-44"]
[Site "Chennai"]
[Date "2022.08.09"]
[Round "11.3"]
[White "Isam, Gaith"]
[Black "De Araujo, Helder"]
[Result "1-0"]
[WhiteElo "1828"]
[BlackElo "1742"]
[PlyCount "55"]
[EventDate "2022.07.29"]
[EventType "team-swiss"]
[EventRounds "11"]
[EventCountry "IND"]
[SourceTitle "CBM 210"]
[Source "ChessBase"]
[SourceDate "2022.10.31"]
[SourceVersion "1"]
[SourceVersionDate "2022.10.31"]
[SourceQuality "1"]
[WhiteTeam "Palestine"]
[BlackTeam "Timor Leste"]
[WhiteTeamCountry "PLE"]

1. e4 e6 2. f4 d5 3. e5 Nh6 4. Nf3 c5 5. Bb5+ Bd7 6. Bxd7+ Nxd7 7. d3 Be7 8. 0-0 0-0 9. Qe1 Rc8 10. Nc3 a6 11. h3 b5 12. g4 Qb6 13. f5 d4 14. Ne2 f6 15. exf6 Nxf6 16. g5 Nxf5 17. gxf6 Rxf6 18. Nf4 Rcf8 19. Ne5 Ne3 20. Bxe3 dxe3 21. Nd7 Qc7 22. Nxf6+ Rxf6 23. Qxe3 c4 24. d4 Qc6 25. Rae1 Bd6 26. Nxe6 Rg6+ 27. Ng5 h6 28. Qe8+ 1-0

[Event "Olympiad-44"]
[Site "Chennai"]
[Date "2022.08.02"]
[Round "5.3"]
[White "De Araujo, Helder"]
[Black "Abdulkadir, Mohamed Warsame"]
[Result "0-1"]
[WhiteElo "1742"]
[BlackElo "1820"]
[PlyCount "108"]
[EventDate "2022.07.29"]
[EventType "team-swiss"]
[EventRounds "11"]
[EventCountry "IND"]
[SourceTitle "CBM 210"]
[Source "ChessBase"]
[SourceDate "2022.10.31"]
[SourceVersion "1"]
[SourceVersionDate "2022.10.31"]
[SourceQuality "1"]
[WhiteTeam "Timor Leste"]
[BlackTeam "Somalia"]
[BlackTeamCountry "SOM"]

1. d4 Nf6 2. c4 g6 3. Nc3 d5 4. cxd5 Nxd5 5. e4 Nxc3 6. bxc3 Bg7 7. Bc4 c5 8. Ne2 Nc6 9. Be3 0-0 10. 0-0 cxd4 11. cxd4 Na5 12. Bd3 b6 13. Rc1 Bb7 14. Qd2 Qd7 15. Bh6 Rac8 16. Bxg7 Kxg7 17. Qb2 f6 18. f3 Rxc1 19. Rxc1 Rc8 20. Rxc8 Qxc8 21. Qc3 Qxc3 22. Nxc3 Nc6 23. d5 Ne5 24. Be2 a6 25. Na4 Nd7 26. Kf2 b5 27. Nc3 Kf7 28. Ke3 e6 29. Kd4 e5+ 30. Ke3 Nc5 31. Bd1 Ke7 32. a3 Bc8 33. f4 exf4+ 34. Kxf4 Nd3+ 35. Ke3 Ne5 36. Kd4 Kd6 37. Na2 Nc4 38. g4 g5 39. Nb4 Nxa3 40. Nd3 Nc4 41. h3 Ne5 42. Nxe5 fxe5+ 43. Kc3 Kc5 44. Kb3 a5 45. Bc2 Bd7 46. Kb2 b4 47. Bd3 a4 48. Ba6 Be8 49. Bc8 Bb5 50. Bf5 h6 51. Be6 a3+ 52. Kc2 Bc4 53. Bf7 b3+ 54. Kc3 b2 0-1